Informácia o rodinnej politike v Európe
Hlavné nástroje rodinnej politiky krajín EÚ: 1. opatrenia finančnej kompenzácie rodinných nákladov uskutočňované prostredníctvom systému sociálneho poistenia, sociálnej pomoci a daňového systému, 2. opatrenia podporujúce zosúladenie pracovného a rodinného života, zamerané na zohľadnenie životných et...
Salvato in:
| Autore principale: | |
|---|---|
| Natura: | Capitolo di libro |
| Lingua: | slovacco |
| Soggetti: | |
| Tags: |
Nessun Tag, puoi essere il primo ad aggiungerne!!
|
MARC
| LEADER | 00000naa a2200000 4500 | ||
|---|---|---|---|
| 001 | r020650 | ||
| 005 | 20221205102746.1 | ||
| 041 | 0 | |a slo | |
| 044 | |a SK | ||
| 245 | 1 | 0 | |a Informácia o rodinnej politike v Európe |c A. Kondášová |
| 520 | |a Hlavné nástroje rodinnej politiky krajín EÚ: 1. opatrenia finančnej kompenzácie rodinných nákladov uskutočňované prostredníctvom systému sociálneho poistenia, sociálnej pomoci a daňového systému, 2. opatrenia podporujúce zosúladenie pracovného a rodinného života, zamerané na zohľadnenie životných etáp rodiny a tvorbu podmienok a klímy priaznivej pre rodinný život. | ||
| 610 | 2 | 0 | |a politika rodinná |
| 610 | 2 | 0 | |a opatrenia |
| 610 | 2 | 0 | |a Európa |
| 610 | 2 | 0 | |a rodina |
| 610 | 2 | 0 | |a spoločnosť |
| 610 | 2 | 0 | |a deti |
| 610 | 2 | 0 | |a Európska únia |
| 610 | 2 | 0 | |a poistenie sociálne |
| 610 | 2 | 0 | |a dávky sociálne |
| 610 | 2 | 0 | |a legislatíva |
| 610 | 2 | 0 | |a zvýhodnenie daňové |
| 610 | 2 | 0 | |a prídavky na deti |
| 610 | 2 | 0 | |a odpisy daňové |
| 100 | 1 | |a Kondášová, A. | |